[Event "Ruhrgebiet Verbandsliga Gruppe 1 1819"]
[Site "Nordrheinwestfalen"]
[Date "2019.02.03"]
[Round "6.7"]
[White "Zwielich, Frank"]
[Black "Weimer, Eduard"]
[Result "1-0"]
[WhiteElo "1920"]
[BlackElo "2039"]
[PlyCount "141"]
[EventDate "2018.09.23"]
[EventType "team-tourn"]
[EventRounds "9"]
[EventCountry "GER"]
[SourceTitle "EXT 2022"]
[Source "ChessBase"]
[SourceDate "2021.10.06"]
[SourceVersion "1"]
[SourceVersionDate "2021.10.06"]
[SourceQuality "1"]
[WhiteTeam "Sodingen/Castrop SK II"]
[BlackTeam "Hamm Koenigsspringer"]
[WhiteTeamCountry "GER"]
[BlackTeamCountry "GER"]

1. d4 d5 2. Nf3 Nf6 3. Bf4 e6 4. e3 Be7 5. Bd3 Nbd7 6. Nbd2 Nh5 7. Bg3 Nxg3 8. hxg3 h6 9. Qe2 c5 10. c3 Qb6 11. Rb1 f5 12. g4 fxg4 13. Ne5 Nxe5 14. dxe5 Qc7 15. Rh5 g5 16. f4 gxf3 17. Nxf3 Bd7 18. Bg6+ Kd8 19. g4 Bc6 20. Qh2 Rf8 21. Nd2 Rh8 22. Nf3 d4 23. Rxh6 Rf8 24. Nd2 dxe3 25. Nc4 Bb5 26. Rd1+ Kc8 27. Nxe3 c4 28. Rh8 Qc5 29. Rxf8+ Bxf8 30. Qd2 Kc7 31. Qd4 Qc6 32. Be4 Qa6 33. a3 Be7 34. Nxc4 Rd8 35. Nd6 Ba4 36. Qc5+ Kb8 37. Rd4 Bd7 38. Bd3 Qb6 39. Qxb6 axb6 40. Nf7 Rf8 41. Rxd7 Rxf7 42. Bc4 Rf4 43. Bxe6 Re4+ 44. Kd2 Bc5 45. Rxb7+ Ka8 46. Bd5 Rxe5 47. Bg2 Be3+ 48. Kd3 Bf4 49. Rxb6+ Ka7 50. Rb7+ Ka6 51. Rb4 Re3+ 52. Kd4 Ka5 53. Be4 Re2 54. Rb7 Be3+ 55. Kd3 Re1 56. Bc6 Bb6 57. b4+ Ka6 58. Rd7 Rg1 59. Bb7+ Kb5 60. Rd5+ Ka4 61. Rxg5 Kb3 62. Bd5+ Kxa3 63. Kc4 Be3 64. Rg8 Kb2 65. g5 Rc1 66. g6 Rxc3+ 67. Kb5 Rc7 68. Rb8 Rd7 69. Kc6 Ra7 70. b5 Bf4 71. Rb7 1-0

[Event "Ruhrgebiet Verbandsliga Gruppe 1 1819"]
[Site "Nordrheinwestfalen"]
[Date "2019.01.20"]
[Round "5.8"]
[White "Zwielich, Frank"]
[Black "Strathoff, Dirk"]
[Result "1-0"]
[WhiteElo "1920"]
[BlackElo "1868"]
[PlyCount "55"]
[EventDate "2018.09.23"]
[EventType "team-tourn"]
[EventRounds "9"]
[EventCountry "GER"]
[SourceTitle "EXT 2022"]
[Source "ChessBase"]
[SourceDate "2021.10.06"]
[SourceVersion "1"]
[SourceVersionDate "2021.10.06"]
[SourceQuality "1"]
[WhiteTeam "Sodingen/Castrop SK II"]
[BlackTeam "Brackel SF II"]
[WhiteTeamCountry "GER"]
[BlackTeamCountry "GER"]

1. d4 Nf6 2. Nf3 d5 3. Bf4 g6 4. e3 Bg7 5. c4 c6 6. Nc3 0-0 7. h3 Bf5 8. Qb3 dxc4 9. Qxb7 Nbd7 10. Bxc4 Nb6 11. Bc7 Qe8 12. Bxb6 axb6 13. Ne5 b5 14. Be2 b4 15. Qxb4 Rb8 16. Qa3 c5 17. Qxc5 Rxb2 18. 0-0 Ne4 19. Qa3 Rb8 20. Nd5 Nd6 21. Nc6 Rb7 22. Ncxe7+ Rxe7 23. Qxd6 Re6 24. Qc5 Qd7 25. Bb5 Qb7 26. Bc6 Qc8 27. Rfc1 Be4 28. Ne7+ 1-0

[Event "Ruhrgebiet Verbandsliga Gruppe 1 1819"]
[Site "Nordrheinwestfalen"]
[Date "2018.12.02"]
[Round "4.7"]
[White "Zwielich, Frank"]
[Black "Walny, Benjamin"]
[Result "1/2-1/2"]
[WhiteElo "1920"]
[BlackElo "1742"]
[PlyCount "57"]
[EventDate "2018.09.23"]
[EventType "team-tourn"]
[EventRounds "9"]
[EventCountry "GER"]
[SourceTitle "EXT 2022"]
[Source "ChessBase"]
[SourceDate "2021.10.06"]
[SourceVersion "1"]
[SourceVersionDate "2021.10.06"]
[SourceQuality "1"]
[WhiteTeam "Sodingen/Castrop SK II"]
[BlackTeam "Bochum SG III"]
[WhiteTeamCountry "GER"]
[BlackTeamCountry "GER"]

1. d4 Nf6 2. Nf3 d5 3. Bf4 e6 4. e3 Bd6 5. Bg3 0-0 6. Bd3 c5 7. c3 b6 8. Nbd2 Ba6 9. Bc2 Nc6 10. Ne5 Qc7 11. f4 Ne7 12. Bh4 Kh8 13. Bxf6 gxf6 14. Qh5 Nf5 15. Nef3 Rg8 16. 0-0-0 Rg7 17. Bxf5 exf5 18. Qxf5 Re8 19. Rhe1 Qc6 20. Qxf6 Re6 21. Qd8+ Rg8 22. Qh4 Bd3 23. Ng5 Rxg5 24. Qxg5 c4 25. f5 Be7 26. Qf4 Bd6 27. Qg5 Be7 28. Qf4 Bd6 29. Qg5 1/2-1/2

[Event "Ruhrgebiet Verbandsklasse Gruppe 1 1718"]
[Site "Germany"]
[Date "2018.04.29"]
[Round "9.4"]
[White "Brieger, Sebastian"]
[Black "Zwielich, Frank"]
[Result "1/2-1/2"]
[WhiteElo "1762"]
[BlackElo "1920"]
[PlyCount "34"]
[EventDate "2017.09.17"]
[EventType "team-tourn"]
[EventRounds "9"]
[EventCountry "GER"]
[SourceTitle "EXT 2022"]
[Source "ChessBase"]
[SourceDate "2021.10.06"]
[SourceVersion "1"]
[SourceVersionDate "2021.10.06"]
[SourceQuality "1"]
[WhiteTeam "Hamm SV II"]
[BlackTeam "Wattenscheid SV III"]
[WhiteTeamCountry "GER"]
[BlackTeamCountry "GER"]

1. e4 c5 2. c3 d5 3. exd5 Qxd5 4. d4 e6 5. Nf3 Nc6 6. Be2 cxd4 7. cxd4 Nf6 8. Nc3 Qa5 9. 0-0 Be7 10. a3 a6 11. h3 0-0 12. Re1 Rd8 13. Bf1 b5 14. Be3 Bb7 15. Qe2 Nd5 16. Ne4 Rac8 17. b4 Qb6 1/2-1/2

[Event "Ruhrgebiet Verbandsklasse Gruppe 1 1718"]
[Site "Germany"]
[Date "2018.02.25"]
[Round "7.5"]
[White "Seppelfricke, Guido"]
[Black "Zwielich, Frank"]
[Result "1/2-1/2"]
[WhiteElo "1828"]
[BlackElo "1949"]
[PlyCount "46"]
[EventDate "2017.09.17"]
[EventType "team-tourn"]
[EventRounds "9"]
[EventCountry "GER"]
[SourceTitle "EXT 2022"]
[Source "ChessBase"]
[SourceDate "2021.10.06"]
[SourceVersion "1"]
[SourceVersionDate "2021.10.06"]
[SourceQuality "1"]
[WhiteTeam "Buer SF"]
[BlackTeam "Wattenscheid SV III"]
[WhiteTeamCountry "GER"]
[BlackTeamCountry "GER"]

1. e4 c5 2. Nf3 e6 3. d4 cxd4 4. Nxd4 a6 5. c4 Nf6 6. Nc3 Qc7 7. a3 b6 8. Be3 Bb7 9. f3 d6 10. Be2 Nbd7 11. 0-0 Be7 12. Qd2 Rc8 13. Rac1 0-0 14. Kh1 Qb8 15. Rfd1 Bd8 16. Nc2 Bc7 17. Bf4 Ne5 18. b3 Rcd8 19. Bg5 Ned7 20. Bf4 Nc5 21. Rb1 d5 22. Bxc7 Qxc7 23. exd5 exd5 1/2-1/2

[Event "Ruhrgebiet Verbandsklasse Gruppe 1 1718"]
[Site "Germany"]
[Date "2018.01.14"]
[Round "5.5"]
[White "Breidenbach, Rolf"]
[Black "Zwielich, Frank"]
[Result "1-0"]
[WhiteElo "1861"]
[BlackElo "1949"]
[PlyCount "51"]
[EventDate "2017.09.17"]
[EventType "team-tourn"]
[EventRounds "9"]
[EventCountry "GER"]
[SourceTitle "EXT 2022"]
[Source "ChessBase"]
[SourceDate "2021.10.06"]
[SourceVersion "1"]
[SourceVersionDate "2021.10.06"]
[SourceQuality "1"]
[WhiteTeam "Waltrop SV"]
[BlackTeam "Wattenscheid SV III"]
[WhiteTeamCountry "GER"]
[BlackTeamCountry "GER"]

1. d4 d5 2. Bf4 c5 3. e3 Qb6 4. Nc3 Nf6 5. Nb5 Na6 6. a4 c4 7. Ne2 Bf5 8. f3 e6 9. Ng3 Bg6 10. c3 h5 11. h4 Qc6 12. Be2 Be7 13. Qd2 0-0 14. Bd1 Rfd8 15. Bc2 Bxc2 16. Qxc2 g6 17. Ne2 Kg7 18. Be5 Kh6 19. g4 hxg4 20. Bxf6 Bxf6 21. fxg4 Nc7 22. g5+ Bxg5 23. hxg5+ Kxg5 24. Ng1 Nxb5 25. axb5 Qxb5 26. Qf2 1-0

[Event "Ruhrgebiet Verbandsliga Gruppe 2 1516"]
[Site "Germany"]
[Date "2015.11.29"]
[Round "4.6"]
[White "Gregoritsch, Dirk"]
[Black "Zwielich, Frank"]
[Result "0-1"]
[WhiteElo "1814"]
[BlackElo "1959"]
[PlyCount "52"]
[EventDate "2015.09.06"]
[EventType "team-tourn"]
[EventRounds "9"]
[EventCountry "GER"]
[SourceTitle "EXT 2022"]
[Source "ChessBase"]
[SourceDate "2021.10.06"]
[SourceVersion "1"]
[SourceVersionDate "2021.10.06"]
[SourceQuality "1"]
[WhiteTeam "Brambauer"]
[BlackTeam "Wattenscheid SV III"]
[WhiteTeamCountry "GER"]
[BlackTeamCountry "GER"]

1. d4 c5 2. d5 e5 3. dxe6 fxe6 4. c4 Nf6 5. Nc3 d5 6. Bf4 Nc6 7. Nf3 Be7 8. e3 0-0 9. Be2 d4 10. Nb5 Qa5+ 11. Kf1 e5 12. Nxe5 Ne4 13. Nf3 a6 14. Bc7 b6 15. Bd3 Nxf2 16. Kxf2 dxe3+ 17. Kg3 axb5 18. cxb5 Nd4 19. Nxd4 cxd4 20. Bc4+ Kh8 21. Rf1 Rxf1 22. Qxf1 Qb4 23. Be5 Bd6 24. Qf4 Bxe5 25. Qxe5 Qxc4 26. Rc1 Qf7 0-1

[Event "Ruhrgebiet Verbandsliga Gruppe 2 1415"]
[Site "Germany"]
[Date "2014.09.21"]
[Round "1"]
[White "Zwielich, Frank"]
[Black "Haase, Thomas Konstantin"]
[Result "1/2-1/2"]
[WhiteElo "1974"]
[BlackElo "2019"]
[PlyCount "51"]
[EventDate "2014.09.21"]
[EventType "team-tourn"]
[EventRounds "9"]
[EventCountry "GER"]
[SourceTitle "EXT 2022"]
[Source "ChessBase"]
[SourceDate "2021.10.06"]
[SourceVersion "1"]
[SourceVersionDate "2021.10.06"]
[SourceQuality "1"]
[WhiteTeam "Wattenscheid SV III"]
[BlackTeam "Bochum SG III"]
[WhiteTeamCountry "GER"]
[BlackTeamCountry "GER"]

1. d4 d5 2. Nf3 Nf6 3. Bf4 c6 4. c4 dxc4 5. e3 b5 6. a4 e6 7. Be2 Bb4+ 8. Nbd2 Bb7 9. 0-0 a6 10. Qc2 Nbd7 11. Rfd1 Be7 12. b3 cxb3 13. Nxb3 Qb6 14. Ne5 Rc8 15. Bf3 0-0 16. Nd3 Nd5 17. Nbc5 Rfd8 18. Bg3 a5 19. Nxb7 Qxb7 20. axb5 cxb5 21. Qb3 Ra8 22. Rdb1 b4 23. e4 N5f6 24. d5 Nc5 25. Nxc5 Bxc5 26. dxe6 1/2-1/2

[Event "Ruhrgebiet Regionalliga 1314"]
[Site "Ruhrgebiet"]
[Date "2014.03.23"]
[Round "8.8"]
[White "Behnicke, Eckhard"]
[Black "Zwielich, Frank"]
[Result "1/2-1/2"]
[WhiteElo "1751"]
[BlackElo "1985"]
[PlyCount "22"]
[EventDate "2013.09.22"]
[EventType "team-tourn"]
[EventRounds "9"]
[EventCountry "GER"]
[SourceTitle "EXT 2024"]
[Source "ChessBase"]
[SourceDate "2023.10.10"]
[SourceVersion "1"]
[SourceVersionDate "2023.10.10"]
[SourceQuality "1"]
[WhiteTeam "Herne Sodingen II"]
[BlackTeam "Wattenscheid III"]
[WhiteTeamCountry "GER"]
[BlackTeamCountry "GER"]

1. b4 e5 2. Bb2 Nf6 3. Bxe5 Nc6 4. Bb2 Bxb4 5. Nf3 0-0 6. e3 Re8 7. Be2 b6 8. c4 Bb7 9. 0-0 d5 10. d4 Qe7 11. Qc2 a6 1/2-1/2

[Event "NRW Verbandsliga Group2 1314"]
[Site "Nordrheinwestfalen"]
[Date "2014.03.09"]
[Round "8"]
[White "Becker, Marco"]
[Black "Zwielich, Frank"]
[Result "1-0"]
[WhiteElo "1876"]
[BlackElo "1985"]
[PlyCount "85"]
[EventDate "2013.09.08"]
[EventType "team-tourn"]
[EventRounds "9"]
[EventCountry "GER"]
[SourceTitle "EXT 2020"]
[Source "ChessBase"]
[SourceDate "2019.10.17"]
[SourceVersion "1"]
[SourceVersionDate "2019.10.17"]
[SourceQuality "1"]
[WhiteTeam "Horst Emscher"]
[BlackTeam "Wattenscheid SV IV"]
[WhiteTeamCountry "GER"]
[BlackTeamCountry "GER"]

1. e4 c5 2. g3 d5 3. Nc3 dxe4 4. Nxe4 e5 5. Bg2 Nc6 6. d3 Be7 7. Be3 f5 8. Nxc5 f4 9. Bxc6+ bxc6 10. gxf4 exf4 11. Qh5+ Kf8 12. Bxf4 Qa5+ 13. c3 Qxc5 14. Qxc5 Bxc5 15. b4 Be7 16. Nf3 Bf5 17. Kd2 c5 18. bxc5 Bxc5 19. Be3 Bd6 20. Rab1 a5 21. Rb6 Rd8 22. Rxd6 Rxd6 23. Bc5 Ke7 24. Nd4 Nh6 25. Nb5 Rhd8 26. Re1+ Be6 27. d4 Kd7 28. Nxd6 Bxa2 29. Ra1 Bb3 30. Rxa5 Ke6 31. Ra6 Kd5 32. Kd3 Rb8 33. c4+ Ke6 34. d5+ Ke5 35. Bd4+ Kf4 36. Bxg7 Ng4 37. Kd4 Bc2 38. h3 Nxf2 39. Ra2 Nxh3 40. Rxc2 Rg8 41. Be5+ Kf3 42. Rc3+ Kg4 43. Ne4 1-0

[Event "Ruhrgebiet Regionalliga 1213"]
[Site "Nordrheinwestfalen"]
[Date "2013.01.27"]
[Round "5.8"]
[White "Zwielich, Frank"]
[Black "Poetter, Clemens"]
[Result "1/2-1/2"]
[WhiteElo "1951"]
[BlackElo "2022"]
[PlyCount "37"]
[EventDate "2012.09.09"]
[EventType "team-tourn"]
[EventRounds "9"]
[EventCountry "GER"]
[SourceTitle "EXT 2020"]
[Source "ChessBase"]
[SourceDate "2019.10.17"]
[SourceVersion "1"]
[SourceVersionDate "2019.10.17"]
[SourceQuality "1"]
[WhiteTeam "Wattenscheid SV III"]
[BlackTeam "Weisse Dame Borbeck"]
[WhiteTeamCountry "GER"]
[BlackTeamCountry "GER"]

1. d4 d5 2. Nf3 Nf6 3. Bf4 c6 4. e3 Nbd7 5. Nbd2 Nh5 6. Bg5 h6 7. Bh4 g5 8. Ne5 Nxe5 9. dxe5 Ng7 10. Bg3 Bf5 11. h4 g4 12. h5 Ne6 13. Be2 Rg8 14. Rh4 Qb6 15. Rb1 Rg5 16. a3 Rd8 17. Bxg4 Bxg4 18. Rxg4 Rxh5 19. Rh4 1/2-1/2

[Event "Ruhrgebiet Regionalliga 1213"]
[Site "Nordrheinwestfalen"]
[Date "2012.12.09"]
[Round "4.8"]
[White "Sikorski, Thomas"]
[Black "Zwielich, Frank"]
[Result "0-1"]
[WhiteElo "1656"]
[BlackElo "1951"]
[PlyCount "62"]
[EventDate "2012.09.09"]
[EventType "team-tourn"]
[EventRounds "9"]
[EventCountry "GER"]
[SourceTitle "EXT 2020"]
[Source "ChessBase"]
[SourceDate "2019.10.17"]
[SourceVersion "1"]
[SourceVersionDate "2019.10.17"]
[SourceQuality "1"]
[WhiteTeam "Herne Sodingen II"]
[BlackTeam "Wattenscheid SV III"]
[WhiteTeamCountry "GER"]
[BlackTeamCountry "GER"]

1. c4 e5 2. Nc3 Nc6 3. Nf3 g6 4. d4 exd4 5. Nxd4 Bg7 6. Nxc6 bxc6 7. e4 d6 8. Be2 Ne7 9. 0-0 0-0 10. Be3 Be6 11. Qd2 f5 12. Bh6 Bxh6 13. Qxh6 Rb8 14. b3 Qe8 15. Qe3 c5 16. Nb5 f4 17. Qc3 Qd7 18. Rad1 Nc6 19. f3 Rf7 20. Qe1 Qe7 21. Qf2 Qf6 22. Qe1 g5 23. Qc3 Qg6 24. Bd3 a6 25. e5 Qg7 26. Be4 Nxe5 27. Nxc7 Rxc7 28. Rxd6 Bf7 29. Rfd1 Re8 30. Rxa6 g4 31. Rad6 Nxf3+ 0-1

[Event "Dortmund Sparkassen op-A"]
[Site "Dortmund"]
[Date "2011.07.27"]
[Round "5"]
[White "Butschek, Marc"]
[Black "Zwielich, Frank"]
[Result "1-0"]
[WhiteElo "1891"]
[BlackElo "2056"]
[PlyCount "105"]
[EventDate "2011.07.23"]
[EventType "swiss"]
[EventRounds "9"]
[EventCountry "GER"]
[SourceTitle "CBM 143 Extra"]
[Source "ChessBase"]
[SourceDate "2011.08.29"]
[SourceVersion "1"]
[SourceVersionDate "2011.08.29"]
[SourceQuality "1"]

1. e4 c5 2. c3 d6 3. d4 Nd7 4. Nf3 g6 5. Bc4 Bg7 6. 0-0 Qc7 7. Qb3 e6 8. Bf4 Nb6 9. Na3 e5 10. Nb5 Qe7 11. Bxf7+ Kf8 12. Bxg8 exf4 13. Bd5 Bg4 14. e5 dxe5 15. dxe5 c4 16. Bxc4 Bxf3 17. gxf3 Bxe5 18. Rfe1 Kg7 19. Bf1 Qc5 20. Nd4 Bxd4 21. cxd4 Qg5+ 22. Kh1 Rhe8 23. Qb5 Qxb5 24. Bxb5 Rxe1+ 25. Rxe1 Kf6 26. Rc1 Rc8 27. Rc5 a6 28. Bd3 Rd8 29. Be4 Rd7 30. b3 Ke6 31. Kg2 Nd5 32. Bxd5+ Rxd5 33. Rc7 Rxd4 34. Rxb7 h5 35. a4 a5 36. Rb6+ Rd6 37. Rb8 Rd5 38. h4 Ke5 39. Kf1 Ke6 40. Rb6+ Kf5 41. Ke2 Re5+ 42. Kd2 Rd5+ 43. Kc3 Rc5+ 44. Kd4 Rc1 45. Rb5+ Kf6 46. Ke4 Rh1 47. Kxf4 Rxh4+ 48. Kg3 Rd4 49. Rxa5 Rb4 50. Rb5 Rxb5 51. axb5 Ke5 52. Kh4 Kd6 53. f4 1-0

[Event "Ruhrgebiet VL1 0910"]
[Site "Germany"]
[Date "2010.04.18"]
[Round "9.6"]
[White "Zwielich, Frank"]
[Black "Jaust, Marc"]
[Result "1-0"]
[WhiteElo "1947"]
[BlackElo "1818"]
[PlyCount "107"]
[EventDate "2009.09.06"]
[EventType "team-tourn"]
[EventRounds "9"]
[EventCountry "GER"]
[SourceTitle "EXT 2011"]
[Source "ChessBase"]
[SourceDate "2010.11.26"]
[SourceVersion "1"]
[SourceVersionDate "2010.11.26"]
[SourceQuality "1"]
[WhiteTeam "Wattenscheid IV"]
[BlackTeam "Laeufer Ost"]
[WhiteTeamCountry "GER"]
[BlackTeamCountry "GER"]

1. d4 c6 2. Nf3 d5 3. c4 e6 4. e3 Nf6 5. Nbd2 Bb4 6. a3 Qa5 7. Rb1 Bxd2+ 8. Bxd2 Qd8 9. Bd3 dxc4 10. Bxc4 0-0 11. 0-0 Nbd7 12. Qe2 Ne4 13. Rfd1 Ndf6 14. Bb4 Re8 15. Ne5 Nd5 16. Be1 f6 17. Nd3 b6 18. Rbc1 Bb7 19. f3 Nd6 20. Ba2 Nf7 21. e4 Nc7 22. Qf2 Qd7 23. Nf4 Qd6 24. Nh5 Qd8 25. Qg3 g6 26. e5 f5 27. Nf6+ Kg7 28. Nxe8+ Qxe8 29. Qh4 g5 30. Qh5 Rd8 31. g4 h6 32. gxf5 exf5 33. f4 Ne6 34. fxg5 hxg5 35. Rc3 Qe7 36. Bf2 Rh8 37. Qf3 Kg6 38. Bg3 c5 39. d5 Nd4 40. Qe3 f4 41. Qe4+ Kg7 42. Bf2 Nd6 43. Qe1 N6f5 44. Bxd4 Nxd4 45. Rxd4 cxd4 46. d6 dxc3 47. dxe7 c2 48. Qc3 Rc8 49. Qxc2 Rxc2 50. e8Q Rc1+ 51. Kf2 Ba6 52. Qf7+ Kh6 53. Qf6+ Kh5 54. Bf7+ 1-0